Największe miasto w każdej wspólnocie autonomicznej Hiszpanii - Statystyki

Ogólne statystyki
  • Ten quiz został rozwiązany 14 razy
  • Średni wynik to 13 z 19
Odpowiedzi na mapie
Odpowiedzi zakodowano w zielono-czerwonej skali na mapie do tego quizu, zgodnie z poniższymi procentami.
 
Statystyki odpowiedzi
Wspólnota autonomiczna Miasto Populacja % Poprawnych
Katalonia Barcelona 1 655 956
100%
Madryt Madryt 3 340 176
100%
Andaluzja Sewilla 684 164
100%
Miasto Autonomiczne Ceuta 83 052
91%
Walencja Walencja 804 121
91%
Baleary Palma de Mallorca 430 640
82%
Aragon Saragossa 683 949
82%
Kraj Basków Bilbao 345 235
73%
Murcja Murcja 467 501
73%
Kastylia i Leon Valladolid 297 129
73%
Galicja Vigo 294 910
73%
Estremadura Badajoz 150 716
55%
Asturia Gijón 268 948
55%
Wyspy Kanaryjskie Las Palmas de Gran Canaria 380 863
55%
Miasto Autonomiczne Melilla 85 493
55%
Kantabria Santander 172 655
45%
Kastylia-La Mancha Albacete 173 202
27%
Nawarra Pamplona 206 233
27%
La Rioja Logroño 150 206
18%
Nie znaleziono quizów pasujących do podanych kryteriów
Rozkład punktacji
Procent ludzi z każdym wynikiem
Percentyl według liczby udzielonych odpowiedzi
Twoja historia wyników
Nie rozwiązałeś tego quizu